000 00447nab a2200145Ia 4500
003 ES-SlBCS
005 20210601125226.0
008 140529s1970 xxu||||| |||| 00| 0 eng d
041 _aeng
100 1 _aGlossop, Ronald J.
_9155621
245 0 0 _aExplaining Human Behavior
_c Ronald J. Glossop
650 0 4 _aComportamiento Humano
_9155622
773 0 _tPhilosophy and Phenomenological Research
_gvol. 30, 1970, págs. 444-449
_wRev1411
942 _cAR
999 _c526811
_d526811